Präventive Diplomatie

Titel: Präventive Diplomatie : das Beispiel der OSZE-Mission in Estland unter besonderer Berücksichtigung der Beteiligung von Frauen / Hanne-Margret Birckenbach. Schweizerische Friedensstiftung, Institut für Konfliktlösung
Verfasser:
Veröffentlicht: Bern : SFS, 1999
Umfang: 98 S. ; 30 cm
Format: Buch
Sprache: Deutsch
Schriftenreihe/
mehrbändiges Werk:
Working paper / Schweizerische Friedensstiftung, Institut für Konfliktlösung ; 28
Schlagworte:
ISBN: 3908230349
Buchumschlag
X
Lokale Klassifikation: 47 12 J ; 47 14 F ; 47 3 C
alg: 9275432
001A    $06000:19-07-00 
001B    $06055:01-03-26 $t18:43:32.000 
001C    $06002:28-02-06 $t04:17:43.000 
001D    $03004:04-12-00 
001U    $0utf8 
001X    $00 
002@    $0Aauaf 
003@    $0092754325 
003O    $076159017 $aOCoLC 
004A    $03-908230-34-9 $fkart. 
006G    $0959291326 
006U    $000,B31,0125 
007A    $0959291326 $aDNB 
007T    $0Herdhh092754325 
010@    $ager 
011@    $a1999 $n1999 
015@    $00 
017A    $asf 
019@    $ach 
021A    $aPräventive Diplomatie $ddas Beispiel der OSZE-Mission in Estland unter besonderer Berücksichtigung der Beteiligung von Frauen $hHanne-Margret Birckenbach. Schweizerische Friedensstiftung, Institut für Konfliktlösung 
028A    $#Birckenbach, Hanne Margret $#Birckenbach, Margret $#Wellmann, Hanne-Margret Birckenbach- $#Birckenbach, Hanne-M. $#Birckenbach-Wellmann, Hanne-Margret $#Birckenbach-Wellmann, Hanne-Margret $#Wellmann, Hanne-Margret B.- $#Birckenbach, Hanne M. $712875463X $8Birckenbach, Hanne-Margret$Z1948- [Tp3] $9159205794 
033A    $pBern $nSFS 
034D    $a98 S. 
034I    $a30 cm 
036E    $aWorking paper / Schweizerische Friedensstiftung, Institut für Konfliktlösung $l28 
036F    $x228 $8Arbeitspapiere der Schweizerischen Friedensstiftung $9019413556 $l28 
037A    $aLiteraturverz. S. 94 - 98 
044K    $RKonferenz über Sicherheit und Zusammenarbeit in Europa $RENVSEC $#OSZE $#OSZE $#Organization for Security and Cooperation in Europe $#Organization for Security and Co-operation in Europe $#Organisation de la Sécurité et la Coopération en Europe $#Organisation pour la Sécurité et la Coopération en Europe $#Organización para la Seguridad y la Cooperación en Europa $#Organizzazione per la sicurezza e la cooperazione in Europa $#OSCE $#Organizacija po Bezopasnosti i Sotrudničestvu v Evrope $#OBSE $#Organizacja Bezpieczeństwa i Współpracy w Europie $#OBWE $#Organizacija za europsku sigurnost i suradnju $#OESS $#Organisatie voor Veiligheid en Samenwerking in Europa $#OVSE $#Organisationen för säkerhet och samarbete i Europa $#OSSE $#Organisation für Sicherheit und Zusammenarbeit in Europa, Secretary General $D20251120 $Ecgmnf $72149347-9 $8Organisation für Sicherheit und Zusammenarbeit in Europa [Tb1] $9043925685 
044K    $RFriedensbemühung $D20251120 $Ecgmnf $74323863-4 $8Friedensmission [Ts1] $9086789279 
044K    $RKonflikt $RPolitische Krise $#International relations $#Relations internationales $#Politischer Konflikt $#politischer Konflikt $#Politische Konflikte $D20251120 $Ecgmnf $74115589-0 $8Politischer Konflikt [Ts1] $9085349941 
044K    $RVerhinderung $#Prevention $#Prévention $#Prävention $#Prävention $#Verhütung $#Vorbeugung $#Prophylaxe $#Vorsorge Prävention $D20251120 $Ecgmnf $74076308-0 $8Prävention [Ts1] $9085216275 
044K    $RGouvernement Estland $REstnische Sozialistische Sowjetrepublik $#Estland $#Estland $#Estland $#Estland (vor 1940) $#Republik Estland $#Estnische Republik $#Eesti $#Eesti Vabariik $#EV $#Estonia $#Republic of Estonia $#Estonie $#Ėstonskaja Respublika $D20251120 $Ecgmnf $74015587-0 $8Estland [Tg1] $9085035777 
045E    $a16 $a14 
045F    $a340.09 $eDDC23BSB 
045F/01 $a340.09 
045F/03 $g4798 
045G    $a355.0094798 $eDDC23BSB 
045G/01 $a355.009 
045G/03 $g4798 
045H    $a305.80094798 $eDDC23BSB 
045H/01 $a305.8009 
045H/03 $g4798 
045I    $a610.94798 $eDDC23BSB 
045I/01 $a610.9 
045I/03 $g4798 

lok: 9275432 24
101B    $004-12-02 $t15:20:33.906 
101C    $004-12-00 
145Z/01 $a47 12 J 
145Z/02 $a47 14 F 
145Z/03 $a47 3 C 
101U    $0utf8 

exp: 9275432 24 1 #EPN
201B/01 $019-12-02 $t22:09:00.099 
201C/01 $004-12-00 
203@/01 $0149799853 
208@/01 $a04-12-00 $bz 
209A/01 $a00.4133 $du $f050 $h00 4133 $x00 
209C/01 $a00.4133 G $h00 4133 G 
209G/01 $a70298694 $x00 
247C/01 $8358050-7 Marburg, Bibliothek des Herder-Instituts Marburg $9102600961 
201U/01 $0utf8 

lok: 9275432 78

exp: 9275432 78 1 #EPN
201B/01 $019-04-17 $t18:44:33.000 
201U/01 $0utf8 
203@/01 $0793180449 
208@/01 $a12-11-16 $be 
209A/01 $a/ $f000 $x00 
220C/01 $aTitelaufnehmer: kk 
237A/01 $aweiterführende Signatur(en): Herder-Institut: 00.4133 
244Z/01 $2Trx $#Estija $#Igaunija $#Estland $#Estonia $#Estonia $#Estónsko $#Estonsko $8--Trx--Eesti $x01 $9391237225 
244Z/01 $2Trx $#sugukonnaajalugu juhtumi uurimised $#lyčių istorija case studies $#gender history case studies $#nemek története esettanulmányok $#gender studies $#dejiny pohlaví biografie $#dějiny pohlaví biografie $#gender studies $#Frauen $#kobiety $#dejiny žien $#dějiny žen $#ženy $8--Trx--Geschlechtergeschichte$gFallstudien $x02 $9391357239 
244Z/01 $2Trx $8--Trx--Monographie $x03 $9391384546 
245Z/01 $a09.09 $x01 
247C/01 $82080>Marburg/Lahn, Herder-Institut, Forschungsbibliothek, Bibliographieportal $9336309341
LEADER 00000cam a2200000 c 4500
001 092754325
003 DE-603
005 20260301184332.0
007 tu
008 000719s1999 xx |||| | u00||u|ger
015 |a 00,B31,0125  |2 dnb 
016 7 |2 DE-101  |a 959291326 
020 |a 3908230349  |c kart. 
035 |a (DE-599)DNB959291326 
035 |a (OCoLC)76159017 
040 |a DE-603  |b ger  |c DE-603  |d DE-603 
041 |a ger 
082 0 4 |8 1\u  |a 340.09  |q DE-101  |2 23/BSB 
083 0 |8 2\u  |a 355.0094798  |q DE-101  |2 23/BSB 
083 0 |8 3\u  |a 305.80094798  |q DE-101  |2 23/BSB 
083 0 |8 4\u  |a 610.94798  |q DE-101  |2 23/BSB 
084 |a 16  |a 14  |q DE-101  |2 sdnb 
085 |8 1\u  |b 340.09 
085 |8 1\u  |z 2  |s 4798 
085 |8 2\u  |b 355.009 
085 |8 2\u  |z 2  |s 4798 
085 |8 3\u  |b 305.8009 
085 |8 3\u  |z 2  |s 4798 
085 |8 4\u  |b 610.9 
085 |8 4\u  |z 2  |s 4798 
090 |a b 
100 1 |a Birckenbach, Hanne-Margret  |d 1948-  |0 (DE-603)159205794  |0 (DE-588)12875463X  |2 gnd 
245 0 0 |a Präventive Diplomatie  |b das Beispiel der OSZE-Mission in Estland unter besonderer Berücksichtigung der Beteiligung von Frauen  |c Hanne-Margret Birckenbach. Schweizerische Friedensstiftung, Institut für Konfliktlösung 
264 1 |a Bern  |b SFS  |c 1999 
300 |a 98 S.  |c 30 cm 
490 1 |a Working paper / Schweizerische Friedensstiftung, Institut für Konfliktlösung  |v 28 
500 |a Literaturverz. S. 94 - 98 
610 1 7 |a Organisation für Sicherheit und Zusammenarbeit in Europa  |2 gnd  |0 (DE-588)2149347-9  |0 (DE-603)043925685 
650 7 |a Friedensmission  |0 (DE-588)4323863-4  |0 (DE-603)086789279  |2 gnd 
650 7 |a Politischer Konflikt  |0 (DE-588)4115589-0  |0 (DE-603)085349941  |2 gnd 
650 7 |a Prävention  |0 (DE-588)4076308-0  |0 (DE-603)085216275  |2 gnd 
651 7 |a Estland  |0 (DE-588)4015587-0  |0 (DE-603)085035777  |2 gnd 
810 2 2 |a Schweizerische Friedensstiftung  |t Arbeitspapiere der Schweizerischen Friedensstiftung  |v 28  |w (DE-603)019413556  |w (DE-600)2608079-5  |9 228  |7 as 
924 0 |9 Mb 50  |a (DE-603)149799853  |b DE-Mb50  |c HES  |d c  |g 00.4133 
924 0 |9 2080  |a (DE-603)793180449  |b DE-2080  |c HES  |d d  |g /